Responses for Show #6740 - Friday, December 27, 2013

Jerry Slowik game 2.

Contestants

[<< previous game]

Kathy Cacace, an online editor from Brooklyn, New York

Avram Polinsky, a customer service analyst from Columbia, Maryland

Jerry Slowik, a writer from Arlington Heights, Illinois (whose 1-day cash winnings total $23,199)

[next game >>]

Jeopardy! Round responses

OLYMPIC CITY ATTRACTIONS
COLORFUL MOVIES
FUN WITH ACRONYMS
WHAT'S MY AIRLINE?
WORLD HISTORY
YOUR NAME IS PERFECT
    $200 23
Athens

Jerry
    $200 1
Purple Rain

Jerry
    $200 6
wasp

Jerry
    $200 10
Southwest

Avram
    $200 17
the Hundred Years War

Jerry
    $200 15
meteorologist

Jerry
    $400 24
Atlanta

Kathy
    $400 2
Snow White and the Seven Dwarfs

Jerry
    $400 7
S.W.A.T.

Avram
    $400 11
El Al

Jerry
    $400 18
Alexander the Great

Jerry
    $400 22
(Tim) Duncan

Avram
    $600 25
St. Louis

Avram
    $600 3
The Blues Brothers

Jerry
    $600 8
(Alex: The city is [*]. You use the acronym TIFF.)

Toronto

Triple Stumper
    $600 12
Hawaiian Airlines

Triple Stumper
    $600 19
Hannibal

Jerry
    $600 28
(Avram: What is solicitor?)
...
(Jerry: What is justice?)
(Alex: Be more specific.)
(Jerry: What is [*]?)

Chief Justice

JerryAvram
    $1,600 26
Barcelona

Avram
    $800 4
Goldfinger

Jerry
    $800 9
BASIC

Triple Stumper
    $800 13
KLM

Kathy
    $800 20
intifada

Jerry
    $800 29
(Steve) Wynn

Kathy
    $1000 27
Helsinki

Triple Stumper
    $1000 5
Pretty in Pink

Kathy
    $1000 16
CREEP

Jerry
    $1000 14
(Kathy: What is Ryanair?)

Aer Lingus

Kathy
Triple Stumper
    $1000 21
Toltecs

Jerry
    $1000 30
Parade

Avram

Scores at the first commercial break (after clue 15):

Jerry Avram Kathy
$2,800 $600 $800

Scores at the end of the Jeopardy! Round:

Jerry Avram Kathy
$7,600 $3,600 $2,000

Double Jeopardy! Round responses

LANGUAGES OF AFRICA
POP CULTURE
PUPPIES & PETUNIAS
SHAKESPEAREAN RELATIVES
"-UP"
& ATOM
    $400 2
the Nile

Avram
    $400 1
(Alex: [*] on Survivor.)

voted off the island

Avram
    $400 22
St. Bernard

Jerry
    $400 21
Hamlet

Avram
    $400 6
lay-up

Jerry
    $400 11
electrons

Kathy
    $800 3
French

Avram
    $800 12
(Avram: Who is Pepé Le Pew?)

SpongeBob

Avram
Triple Stumper
    $800 23
the pug

Avram
    $800 27
Romeo

Jerry
    $800 7
mash-up

Jerry
    $800 14
angstroms

Jerry
    $1200 4
English and Afrikaans

Jerry
    $1200 13
Madonna

Avram
    $1200 24
Jack Russell

Kathy
    $1200 28
Desdemona

Jerry
    $1200 8
(Jerry: What is syrup?)
(Alex: Be more specific.)
(Jerry: What is [*].)

maple syrup

Jerry
    $1200 15
a bit

Avram
    $1,200 5
Swahili

Jerry
    $1600 19
Max Payne

Jerry
    $1600 25
mastiff

Jerry
    $2,600 29
Katharina

Jerry
    $1600 9
a mock-up

Jerry
    $1600 16
fission

Avram
    $2000 18
Kalahari

Avram
    $2000 20
Pete Seeger

Triple Stumper
    $2000 26
the West Highland White Terrier

Triple Stumper
    $2000 30
Richard III

Triple Stumper
    $2000 10
a call-up

Jerry
    $2000 17
the valence number

Triple Stumper

Scores at the end of the Double Jeopardy! Round:

Jerry Avram Kathy
$25,000 $11,600 $3,600
(lock game)

[wagering suggestions for these scores]

Final Jeopardy! Round responses

18th CENTURY AMERICA
KathyWhat are the Articles of C
$3,000
AvramWhat are Articles of Confediration
$3,000
JerryWhat are the Articles of Confederation?
$1,799
the Articles of Confederation

Final scores:

Jerry Avram Kathy
$26,799 $14,600 $600
2-day champion: $49,998 2nd place: $2,000 3rd place: $1,000

Game dynamics:

Coryat scores:

Jerry Avram Kathy
$24,400 $10,800 $3,600
29 R
(including 2 DDs),
0 W
15 R
(including 1 DD),
2 W
6 R,
1 W

Combined Coryat: $38,800

[game clues] [game scores] [suggest correction]

Game tape date: 2013-10-08
The J! Archive is created by fans, for fans. Scraping, republication, monetization, and malicious use prohibited; this site may use cookies and collect identifying information. See terms. The Jeopardy! game show and all elements thereof, including but not limited to copyright and trademark thereto, are the property of Jeopardy Productions, Inc. and are protected under law. This website is not affiliated with, sponsored by, or operated by Jeopardy Productions, Inc. Join the discussion at JBoard.tv.